Applied Informatics Second International Conference, ICAI 2019, Madrid, Spain, November 7-9, 2019, Proceedings /

This book constitutes the thoroughly refereed papers of the Second International Conference on Applied Informatics, ICAI 2019, held in Madrid, Spain, in November 2019. The 37 full papers and one short paper were carefully reviewed and selected from 98 submissions. The papers are organized in topical...

Full description

Bibliographic Details
Corporate Author: SpringerLink (Online service)
Other Authors: Florez, Hector (Editor, http://id.loc.gov/vocabulary/relators/edt), Leon, Marcelo (Editor, http://id.loc.gov/vocabulary/relators/edt), Diaz-Nafria, Jose Maria (Editor, http://id.loc.gov/vocabulary/relators/edt), Belli, Simone (Editor, http://id.loc.gov/vocabulary/relators/edt)
Format: Electronic eBook
Language:English
Published: Cham : Springer International Publishing : Imprint: Springer, 2019.
Edition:1st ed. 2019.
Series:Communications in Computer and Information Science, 1051
Subjects:
Online Access:Full Text via HEAL-Link
LEADER 03646nam a2200577 4500
001 978-3-030-32475-9
003 DE-He213
005 20191025120313.0
007 cr nn 008mamaa
008 191025s2019 gw | s |||| 0|eng d
020 |a 9783030324759  |9 978-3-030-32475-9 
024 7 |a 10.1007/978-3-030-32475-9  |2 doi 
040 |d GrThAP 
050 4 |a QA76.76.A65 
072 7 |a UB  |2 bicssc 
072 7 |a COM018000  |2 bisacsh 
072 7 |a UB  |2 thema 
082 0 4 |a 004  |2 23 
245 1 0 |a Applied Informatics  |h [electronic resource] :  |b Second International Conference, ICAI 2019, Madrid, Spain, November 7-9, 2019, Proceedings /  |c edited by Hector Florez, Marcelo Leon, Jose Maria Diaz-Nafria, Simone Belli. 
250 |a 1st ed. 2019. 
264 1 |a Cham :  |b Springer International Publishing :  |b Imprint: Springer,  |c 2019. 
300 |a XIV, 548 p. 244 illus., 179 illus. in color.  |b online resource. 
336 |a text  |b txt  |2 rdacontent 
337 |a computer  |b c  |2 rdamedia 
338 |a online resource  |b cr  |2 rdacarrier 
347 |a text file  |b PDF  |2 rda 
490 1 |a Communications in Computer and Information Science,  |x 1865-0929 ;  |v 1051 
520 |a This book constitutes the thoroughly refereed papers of the Second International Conference on Applied Informatics, ICAI 2019, held in Madrid, Spain, in November 2019. The 37 full papers and one short paper were carefully reviewed and selected from 98 submissions. The papers are organized in topical sections on bioinformatics; data analysis; decision systems; health care information systems; IT Architectures; learning management systems; robotic autonomy; security services; socio-technical systems; software design engineering. 
650 0 |a Application software. 
650 0 |a Artificial intelligence. 
650 0 |a Education-Data processing. 
650 0 |a Software engineering. 
650 0 |a Computer organization. 
650 1 4 |a Computer Applications.  |0 http://scigraph.springernature.com/things/product-market-codes/I23001 
650 2 4 |a Artificial Intelligence.  |0 http://scigraph.springernature.com/things/product-market-codes/I21000 
650 2 4 |a Information Systems Applications (incl. Internet).  |0 http://scigraph.springernature.com/things/product-market-codes/I18040 
650 2 4 |a Computers and Education.  |0 http://scigraph.springernature.com/things/product-market-codes/I24032 
650 2 4 |a Software Engineering.  |0 http://scigraph.springernature.com/things/product-market-codes/I14029 
650 2 4 |a Computer Systems Organization and Communication Networks.  |0 http://scigraph.springernature.com/things/product-market-codes/I13006 
700 1 |a Florez, Hector.  |e editor.  |0 (orcid)0000-0002-5339-4459  |1 https://orcid.org/0000-0002-5339-4459  |4 edt  |4 http://id.loc.gov/vocabulary/relators/edt 
700 1 |a Leon, Marcelo.  |e editor.  |0 (orcid)0000-0001-6303-6615  |1 https://orcid.org/0000-0001-6303-6615  |4 edt  |4 http://id.loc.gov/vocabulary/relators/edt 
700 1 |a Diaz-Nafria, Jose Maria.  |e editor.  |0 (orcid)0000-0001-5383-6037  |1 https://orcid.org/0000-0001-5383-6037  |4 edt  |4 http://id.loc.gov/vocabulary/relators/edt 
700 1 |a Belli, Simone.  |e editor.  |0 (orcid)0000-0001-8934-7569  |1 https://orcid.org/0000-0001-8934-7569  |4 edt  |4 http://id.loc.gov/vocabulary/relators/edt 
710 2 |a SpringerLink (Online service) 
773 0 |t Springer eBooks 
776 0 8 |i Printed edition:  |z 9783030324742 
776 0 8 |i Printed edition:  |z 9783030324766 
830 0 |a Communications in Computer and Information Science,  |x 1865-0929 ;  |v 1051 
856 4 0 |u https://doi.org/10.1007/978-3-030-32475-9  |z Full Text via HEAL-Link 
912 |a ZDB-2-SCS 
950 |a Computer Science (Springer-11645)